000 00489nam a2200169Ia 4500
999 _c29541
_d29541
003 OSt
005 20201124124616.0
008 190216s9999||||xx |||||||||||||| ||und||
040 _coclc
082 _a894.8123
_bMAN/K
100 _aMangalodhayam, Sudhakar
_96647
245 0 _aKanakachilanka /
_cSudhakar Mangalodhayam
260 _bC I C C Book House,
_aKochi:
_c2009.
300 _a163p
650 _aNovel
942 _cBK
_2ddc
_h894.8123
_iMAN/K
_k894.8123
_mMAN/K